|
|
|
|
| LEADER |
00000nam0a2200000 4500 |
| 001 |
276317 |
| 005 |
20231101234916.0 |
| 010 |
|
|
|b 500 экз.
|
| 035 |
|
|
|a (RuTPU)RU\TPU\book\299576
|
| 090 |
|
|
|a 276317
|
| 100 |
|
|
|a 20141120d1969 m y0rusy50 ca
|
| 101 |
0 |
|
|a rus
|
| 102 |
|
|
|a RU
|
| 105 |
|
|
|a a j 001zy
|
| 200 |
1 |
|
|a Тепловая экономичность энергосистем
|e учебное пособие
|f З. Ф. Немцев
|g Калининский политехнический институт (КПИ) ; под ред. И. К. Хрусталева
|
| 210 |
|
|
|a Калинин
|c Калининский политехнический ин-т
|d 1969
|
| 215 |
|
|
|a 404 с.
|c ил.
|
| 316 |
|
|
|5 63413507: М-133072
|a На титульном листе дарственная надпись: "И. Н. Бутакову. Глубокоуважаемому учителю от благодарного ученика. З. Немцев. 21.VI.69 г."
|
| 317 |
|
|
|5 63413507: М-133072
|a Поступила в НТБ в 1970 г. в составе книжного собрания профессора ТПИ И. Н. Бутакова
|
| 317 |
|
|
|5 63413507: М-133073
|a Поступила в НТБ в 1970 г. в составе книжного собрания профессора ТПИ И. Н. Бутакова
|
| 320 |
|
|
|a Литература: с. 374-400
|
| 606 |
1 |
|
|a Электрические системы
|x Управление
|x Технико-экономические расчеты
|2 stltpush
|3 (RuTPU)RU\TPU\subj\27594
|9 51322
|
| 610 |
1 |
|
|a энергосистемы
|
| 610 |
1 |
|
|a тепловая экономичность
|
| 610 |
1 |
|
|a тепловые электростанции
|
| 610 |
1 |
|
|a работа
|
| 610 |
1 |
|
|a анализ
|
| 610 |
1 |
|
|a методы
|
| 610 |
1 |
|
|a расчеты
|
| 610 |
1 |
|
|a оптимизация
|
| 610 |
1 |
|
|a учебные пособия
|
| 610 |
1 |
|
|a дарственная надпись
|
| 610 |
1 |
|
|a дары автора
|
| 610 |
1 |
|
|a библиотека И. Н. Бутакова
|
| 675 |
|
|
|a 621.311:658
|v 3
|
| 675 |
|
|
|a 09
|v 3
|
| 700 |
|
1 |
|a Немцев
|b З. Ф.
|g Зенон Филимонович
|
| 702 |
|
1 |
|a Хрусталев
|b И. К.
|4 340
|
| 712 |
0 |
2 |
|a Калининский политехнический институт (КПИ)
|c (1958-1990)
|2 stltpush
|3 (RuTPU)RU\TPU\col\7669
|
| 801 |
|
1 |
|a RU
|b 63413507
|c 20141120
|
| 801 |
|
2 |
|a RU
|b 63413507
|c 20190909
|g RCR
|
| 942 |
|
|
|c BK
|